000 00606cam a22002053a 4500
001 35619
003 PGUSA
005 20140828083751.0
008 110320s2011||||xxu|||||s|||||000 | eng d
040 _aPGUSA
_beng
042 _adc
100 1 _aMurfree, Mary Noailles,
_d1850-1922
245 1 4 _aThe Prophet of the Great Smoky Mountains
_h[electronic resource] /
_cMary Noailles Murfree
260 _bProject Gutenberg,
_c2011
506 _aPublic domain in the USA.
516 _aElectronic text
830 0 _aProject Gutenberg
_v35619
856 4 0 _uhttp://www.gutenberg.org/ebooks/35619
942 _cEB
999 _c264874
_d264874